000 02136cam a22002898i 4500
001 21443756
005 20250224105845.0
008 200210s2020 flu b 001 0 eng
010 _a 2019051938
020 _a9780367253080
_q(hardback)
040 _aLBSOR/DLC
_beng
_erda
_cKCST
042 _apcc
050 0 0 _aHG4515.3
_b.W55 2020
082 0 0 _a332.678
_223
100 1 _aWilders, Richard J.
_q(Richard James),
_eauthor.
_95291
245 1 0 _aFinancial mathematics for actuarial science :
_bthe theory of interest /
_c[Richard James Wilders].
263 _a2002
260 1 _aBoca Raton, FL :
_bCRC Press,
_c[2020]
300 _apages cm
504 _aIncludes bibliographical references and index.
505 0 _aOverview and mathematical prerequisites -- Measuring interest -- Solving problems in interest -- Annuities -- Amortization schedules and sinking funds -- Yield rates -- Bonds -- Exact asset matching and swaps -- Interest rate sensitivity -- Determinants of interest rates.
520 _a"Financial Mathematics for Actuarial Science: The Theory of Interest is concerned with the measurement of interest and the various ways interest affects what is often called the time value of money (TVM). Interest is most simply defined as the compensation that a borrower pays to a lender for the use of capital. The goal of this book is to provide the mathematical understandings of interest and the time value of money needed to succeed on the actuarial examination covering interest theory Key Features Helps prepare students for the SOA Financial Mathematics Exam Provides mathematical understanding of interest and the time value of money needed to succeed in the actuarial examination covering interest theory Contains many worked examples, exercises and solutions for practice Provides training in the use of calculators for solving problems A complete solutions manual is available to faculty adopters online"--
_cProvided by publisher.
650 0 _aInterest
_xMathematical models.
_95292
650 0 _aFinance
_xMathematical models.
_95293
650 0 _aBusiness mathematics.
_95294
650 0 _aActuarial science.
_94239
999 _c678
_d678